书目信息 |
| 题名: |
现代房屋建造技术
|
|
| 作者: | 洪树生 著 | |
| 分册: | ||
| 出版信息: | 北京 知识产权出版社 2020.09 |
|
| 页数: | 152页 | |
| 开本: | 26cm | |
| 丛书名: | ||
| 单 册: | ||
| 中图分类: | TU22 | |
| 科图分类: | ||
| 主题词: | 房屋建筑学--fang wu jian zhu xue | |
| 电子资源: | ||
| ISBN: | 978-7-5130-6964-9 | |
| 000 | 00869nam0 2200241 450 | |
| 001 | 0100028503 | |
| 005 | 20211025120159.0 | |
| 010 | @a978-7-5130-6964-9@dCNY65.00 | |
| 100 | @a20201019d2020 em y0chiy50 ea | |
| 101 | 0 | @achi |
| 102 | @aCN@b110000 | |
| 105 | @aak a 000yy | |
| 106 | @ar | |
| 200 | 1 | @a现代房屋建造技术@Axian dai fang wu jian zao ji shu@f洪树生著 |
| 210 | @a北京@c知识产权出版社@d2020.09 | |
| 215 | @a152页@c图@d26cm | |
| 320 | @a有书目 (第152页) | |
| 330 | @a本书主要内容包括绪论、现代混凝土结构现浇施工技术、装配式混凝土结构施工技术、装配式钢结构建筑施工技术、现代木结构建筑施工技术、装配式内填充体系、被动式超低能耗建筑建造技术、桩基础与深基坑支护技术等内容。 | |
| 606 | 0 | @a房屋建筑学@Afang wu jian zhu xue |
| 690 | @aTU22@v5 | |
| 701 | 0 | @a洪树生@Ahong shu sheng@4著 |
| 801 | 0 | @aCN@c20210909 |
| 905 | @a河南城建学院图书馆@dTU22@eH410 | |
| 现代房屋建造技术/洪树生著.-北京:知识产权出版社,2020.09 |
| 152页:图;26cm |
| ISBN 978-7-5130-6964-9:CNY65.00 |
| 本书主要内容包括绪论、现代混凝土结构现浇施工技术、装配式混凝土结构施工技术、装配式钢结构建筑施工技术、现代木结构建筑施工技术、装配式内填充体系、被动式超低能耗建筑建造技术、桩基础与深基坑支护技术等内容。 |
| ● |
| 相关链接 |
|
|
|
正题名:现代房屋建造技术
索取号:TU22/H410
 
预约/预借
| 序号 | 登录号 | 条形码 | 馆藏地/架位号 | 状态 | 备注 |
| 1 | 1545479 | 215454791 | 建筑库101/101建筑库 45排5列3层/ [索取号:TU22/H410] | 在馆 | |
| 2 | 1545480 | 215454808 | 建筑库101/101建筑库 45排5列3层/ [索取号:TU22/H410] | 在馆 |